000 00777nam a2200193Ia 4500
999 _c38046
_d38046
001 4032
003 GE_BSU
005 20221004155803.0
008 181216s2004||||ge |||||||||||||| ||geo||
040 _cGE_BSU
041 _ageo
080 _a342.743(479.22)(094.4) ს-32
245 _aსაქართველოს საგადასახადო კოდექსი : 2004 წლის 10 მაისის მდგომარეობით /
_cრედ : მ.მაჭარაშვილი.
264 _aთბილისი:
_bRISE,
_c2004.
300 _a248 გვ. ;
_c21 სმ.
653 _aსაქართველოს საგადასახადო კოდექსი
653 _aსამართალი
942 _cBK
_2udc